000 01358nam a22004337a 4500
001 0051620
003 KOHA_MİRAKIL
005 20260207003812.0
007 ta
008 150629b2013 tu a|||gr||||#0|||0|tur |
020 _a9786051332260
040 _aTR-BiSEU
_btur
_cTR-BiSEU
_erda
041 0 _atur
044 _ctu
050 _aBF121
_b.G47 2013
100 1 _aGerrig, Richard J..
240 1 0 _aPsychology and life
_lTürkçe
245 1 _aPsikoloji ve yaşam :
_bpsikolojiye giriş =
_b Psychology and life/
_cRichard J. Gerrig ; Richard J. Gerrig, Philip G. Zimbardo ; çeviren Gamze Sart.
250 _a19. Basımdan Çeviri
264 1 _aİstanbul :
_bNobel Yayınları
_c2013
300 _a622 sayfa :
_bresimli ;
_c28 cm.
336 _ametin
_btxt
_2rdacontent
337 _aaracısız
_bn
_2rdamedia
338 _acilt
_bnc
_2rdacarrier
490 1 _aNobel Yayın ;
_vNo.
490 1 _a324.
490 1 _aPsikoloji ;
_v4.
500 _aKaynakça var.
500 _aDizin var.
650 0 _aPsikolojiye giriş.
_996129
650 0 _aPsikoloji, temel süreçler.
_996130
650 0 _aIntroduction to Psychology.
_996131
650 0 _aPsychology, basic processes.
_996132
830 1 _aNobel Yayın ;
_vNo.
_92049
830 1 _a324.
_918693
830 1 _aPsikoloji ;
_v4.
_951567
907 _aPsikoloji
942 _2lcc
_cBK
999 _c51440
_d51440